| 000 | 00614nam a22001937a 4500 | ||
|---|---|---|---|
| 005 | 20251108165039.0 | ||
| 008 | 250721s2010 xx 000 0 ara d | ||
| 082 | 1 | 4 | _a813.009/يوس |
| 100 | 1 | _aيوسف، شوقي بدر | |
| 245 | 1 | 0 | _aالقصة القصيرة النسوية اللبنانية ( أنطولوجيا) / |
| 264 | 1 |
_aالإسكندرية : _bمؤسسة حورس الدولية، _c2010. |
|
| 300 | _a380ص. | ||
| 650 | 1 | 7 | _aالادب العربي |
| 650 | 1 | 7 | _aالقصص العربية |
| 650 | 1 | 7 | _aالنقد الادبي |
| 650 | 1 | 7 | _aلبنان |
| 942 |
_2ddc _cBK |
||
| 999 |
_c20829 _d20829 |
||